| 000 | 00690nam a22002177a 4500 | ||
|---|---|---|---|
| 999 |
_c16023 _d16023 |
||
| 003 | AR-CdUCM | ||
| 008 | 190430b ||||| |||| 00| 0 eng d | ||
| 040 |
_aMUNICIPALIDAD PROVINCIAL DEL CUSCO _cBIBLIOTECA MUNICIPAL DEL CUSCO |
||
| 082 |
_a890.832 / _bI87 |
||
| 100 |
_aIstrati, Panait _935294 |
||
| 245 | _aKyra Kyralina / | ||
| 260 |
_aBuenos Aires : _bEdit. Tor, _c1948. |
||
| 300 |
_a205 páginas ; _c17 cm. |
||
| 500 | _aDonación familia Nieto | ||
| 505 | _aContenido: I Stavro -- II Kyra Kyralina -- Gragomir. | ||
| 650 |
_aNovelas rumanas _935295 |
||
| 650 |
_aNovelas de costumbres _9168 |
||
| 650 |
_aRumanía _931075 |
||
| 942 |
_2ddc _cLIBROS |
||
| 945 |
_adavv _d30/04/2019 |
||